01870nam a2200289 a 4500001001000000003000400010005001700014008004100031040002500072082002300097100004800120245006600168260004000234300002100274500007300295505058800368590002600956600003700982651005401019651005501073910003701128942001401165952012101179952012701300952013601427999001701563000022160OSt20260321073640.0100917s19uu dr 000 0 spa d aDO-SdBNPbspacBNPHU a320.9729354bR173J1 aRamírez Morillo, Belarminio,d1964-9252010aJuan Bosch no quiso gobernar /cBelarminio Ramírez Morillo. a[Santo Domingo] :b[s.n.],c[197?]. a151 p. ;c21 cm. aIncluye referencias bibliográficas y notas al pie de las páginas2 aLa Campaña electoral de 1962 -- Situación política durante el período de transición -- El gobierno de Bosch -- La crisis domínico haitiana -- El modelo constitucional -- Los medios de comunicación en la crisis -- Los Estados Unidos y la revolución -- Crisis PRD-Gobierno -- La iglesia y el poder político -- La meditación de Angel Liz -- La crisis final: Huelga del 20 de septiembre de 1963 -- Bosch dispuesto a entregar la democracia para que la sacrifiquen -- Manifiesto dirigido al Pueblo Dominicano por los comandos de las FFAA y la PN que depusieron a Bosch. aInventariado, 2019/VM10a Bosch, Juan, d1909-2001976555 0aRepública DominicanaxPolítica y gobierno945 4aRepública DominicanaxHistoriay1962-1963945863 aValidado. Control de calidad MFF 2ddccLBS1 0010718PDaPDbPDcHDd2010-09-17iLF1l0o320.9729354 R173Jp22160-10r2020-06-25w2020-06-25yLFPDZNo se presta 0010718PDaPDbPDcHDd2015-06-12iLF1l0o320.9729354 R173Jp22160-20r2020-06-25te. 2w2020-06-25yLFPDZNo se presta 001054708DSaPDbPDcHDd2015-06-30iLF1l0o320.9729354 R173Jp22160-30r2020-06-25te. 3w2020-06-25yLFDSZPréstamo en sala c21658d21658